000 02163nam0a2200361 4500
001 RU\NLR\BIBL_A\022725323
005 20260302114625.0
010 _a978-5-6054423-8-7
_93000
021 _aRU
_bКН-П-25-078949
_9КН-П-25-7651
035 _a(NLR Aleph) 022725323
090 _a13556583
_c13556583
100 _a20260211d2025 u y0rusy50 ca
101 0 _arus
102 _aRU
105 _ay|||j|||000yy
181 0 _ai4
_baxxe
182 0 _an
200 1 _aРоссийское уголовное право: Особенная часть
_iПонятие Особенной части уголовного права. Квалификация преступлений. Преступления против личности
_eучебник
_f[Блинов А. Г., доктор юридических наук, профессор, Ковлагина Д. А., кандидат юридических наук, Поликарпова И. В., кандидат юридических наук и др.]
_gпод редакцией доктора юридических наук, профессора А. Г. Блинова, доктора юридических наук, профессора Н. А. Лопашенко
203 _aТекст
_bвизуальный
_cнепосредственный
210 _aМосква
_cЮрлитинформ
_d2025
215 _a406, [1] с.
_d22
225 1 _aУголовное право
300 _aАвт. указаны на 3-й с.
320 _aБиблиогр. в конце гл. и в подстроч. примеч.
606 1 _aУголовное право
_xОсобенная часть
_yРоссийская Федерация
_jУчебники
_2nlr_sh1
_2nlr_sh2
_3RU\NLR\AUTH\661264774
686 1 _aХ628.11я7
701 1 _aБлинов
_bА. Г.
_gАлександр Георгиевич
701 1 _aКовлагина
_bД. А.
_gДарья Александровна
701 1 _aПоликарпова
_bИ. В.
_f1972-
_gИрина Владимировна
942 _cBOOK
980 _aNB